Palau mira Picasso
Descripción Física:
1 targeta postal ; il. col. ; 15 x 10 cm.
Materias:
Palau i Fabre, Josep, -- 1917-2008 -- Exposicions
; Picasso, Pablo, -- 1881-1973 -- Exposicions
Idioma:
Catalán
MARC
| LEADER | 00000nkm a22000007a 4500 | ||
|---|---|---|---|
| 001 | 27248 | ||
| 003 | Arxiu | ||
| 005 | 20260324181150.0 | ||
| 008 | 230110b spa||||| |||| 00| 0 cat d | ||
| 017 | |a B 2517-2018 | ||
| 040 | |a agdb |b cat | ||
| 041 | |a cat | ||
| 245 | |a Palau mira Picasso | ||
| 260 | |a Barcelona : |a Caldes d'Estrac : |b Diputació de Barcelona ; |b Fundació Palau ; |c 2018 | ||
| 300 | |a 1 targeta postal ; |b il. col. ; |c 15 x 10 cm. | ||
| 500 | |a Exposició duta a terme del 22 de gener al 5 d'abril de 2018 a la Fundació Palau (Caldes d'Estrac) en commemoració del centenari del naixement de l'escriptor Josep Palau i Fabre. | ||
| 600 | 0 | |a Palau i Fabre, Josep, |d 1917-2008 |x Exposicions | |
| 600 | 0 | |a Picasso, Pablo, |d 1881-1973 |x Exposicions | |
| 710 | 2 | |9 53857 |a Fundació Palau (Caldes d'Estrac, Catalunya) | |
| 710 | 1 | |a Barcelona (Catalunya : Província). |b Diputació |9 52408 | |
| 710 | 2 | |9 55049 |a Fundación Picasso | |
| 710 | 1 | |9 53948 |a Caldes d'Estrac (Catalunya). |b Ajuntament | |
| 942 | |2 udc |c ARXIU |n 1 | ||
| 952 | |0 0 |1 0 |2 udc |4 0 |6 NBM16168 |7 1 |9 65005 |a Arxiu |b Arxiu |d 2023-01-10 |l 0 |o NBM-16-168 |p 27248 |r 2023-01-10 00:00:00 |w 2023-01-10 |y ARXIU | ||
| 999 | |c 82948 |d 82948 | ||